| 000 | 00557 a2200169 4500 | ||
|---|---|---|---|
| 020 | _a1861001312 | ||
| 040 | _aDLC | ||
| 082 | 0 | 0 | _a004/.36 |
| 100 | 1 | _aPinnock, Jonathan. | |
| 245 | 1 | 0 |
_aProfessional DCOM application development _cJonathan Pinnock. |
| 260 |
_aBirmingham, [England] : _bWrox Press, _cc1998. |
||
| 300 |
_avii, 479 p. : _bill. ; _c24 cm. |
||
| 650 | 0 |
_aElectronic data processing _xDistributed processing. |
|
| 650 | 0 | _aDCOM (Computer architecture) | |
| 650 | 0 | _aObject-oriented programming (Computer science) | |
| 942 |
_cBK _k005.276 PIN _2ddc |
||
| 999 |
_c6099 _d6099 |
||